Naruto description des personnages - Statistiques

Statistiques générales
  • Ce quiz a été pris 7 943 fois
  • Le résultat moyen est 12 sur 15
Statistiques - réponses
Hints Réponse % Correct
Je suis le héros du manga naruto
100%
Je m'enfonce de plus en plus dans la haine... sasuke
95%
Je suis un ermite pas net Jiraya
93%
Mon père s'est suicidé et depuis je ne suis plus que les règles kakashi
92%
Mon nom Japonais se réfère a la feuille de cerisier Sakura
92%
Je suis l'autre fondateur de Konoha Madara
88%
Je fais des expériences interdites, et j'ai tué mon maître Orochimaru
85%
Je suis l'un des fondateurs de Konoha, je suis apprécié par tout le village Hashirama
82%
"celui qui abandonne ses amis est un moins que rien" obito
80%
Je suis le frère du premier Hokage Tobirama
80%
Je me suis suicidée après avoir donné mon sharingan à mon meilleur ami Shisui
75%
Ma vie n'est qu'un tissu de mensonges, personne ne connait réellement la vérité à mon sujet Itachi
70%
j'ai peur du sang depuis ce fameux jour tsunade
70%
J'ai les cheveux rouge tomate kushina
67%
Je suis le dieu des shinobis, j'ai séparé les bijus en 9 Hagoromo
46%
Aucun quiz correspondant
Distribution des résultats
% des personnes avec chaque résultat
Percentile par nombre de réponses
Votre historique - résultats
Vous n’avez pas pris ce quiz